zpět

Detail výsledku týmu

Bounty Rock Cafe, Olomouc

Datum a čas kvízu

26.5 Celkem bodů Celkový počet nahraných bodů na tomto kvízu bez doplňovacích otázek.
9. Pořadí na kvízu Konečné umístění týmu na tomto kvízu.

Zaznamenané odpovědi

# Otázka Odpověď Body Výsledky
1. Ministerstvo vnitra připustilo... Denisa Rohanová 0
2. Minulý týden bylo oznámeno obn... Moskvič 1
3. Jistá česká herečka má oficiál... Simona Stašová 0
4. V pondělí, po pěti dnech letu,... Orion 1
5. V jednom z pátečních zápasů pr... Walesu 0
6. V následujících pěti otázkách... bar, torr, atmosféra / pascal 1
7. Která z následujících jednotek... B 0
8. Na lidské tělo, jehož odpor je... 300 V 1
9. Přiřaďte tyto jednotky k přísl... 1D 2A 3C 4B 0
10. Uzel je jednotka rychlosti pou... B 1